000 00593nam a22002177a 4500
003 UA-OsUOA
001 60783
007 ta
008 20090610b un ||||| |||| 00| 0 ukr d
100 _aРешетилова О.
090 _a908
_bР47
942 _cSA
040 _aUA-OsUOA
_bukr
_cUA-OsUOA
_dUA-OsUOA
245 _aКрим - який ми любимо... Острозький клуб провів зустріч у Сімферополі
300 _aС.10-11
955 _a0
041 _aukr
080 _a908
773 0 _w60782
650 7 _a908 Краєзнавство
_2UDC
999 _c346774
_d346774